| 000 | 01087nam a22001457a 4500 | ||
|---|---|---|---|
| 020 | _a978-0-330-41899-7 | ||
| 082 |
_a823 _bARC/F |
||
| 100 | _aARCHER, JEFFREY | ||
| 245 | _aFIRST AMONG EQUALS | ||
| 260 |
_aLONDON _bPAN BOOKS _c1984 |
||
| 300 | _a466 | ||
| 520 | _aFirst Among Equals is a 1984 novel by British author Jeffrey Archer,[1] which follows the careers and personal lives of four fictional British politicians (Simon Kerslake, MP for Coventry Central and later Pucklebridge; Charles Seymour, MP for Sussex Downs; Raymond Gould, MP for Leeds North; and Andrew Fraser, MP for Edinburgh Carlton) from 1964 to 1991, with each vying to become Prime Minister. Several situations in the novel are drawn from Archer's own early political career in the British House of Commons, and the fictional characters interact with actual political figures from the UK and elsewhere including Winston Churchill, Alec Douglas-Home, Harold Wilson, Edward Heath, Margaret Thatcher, Douglas Hurd, Muammar al-Gaddafi, Gary Hart and Queen Elizabeth II. | ||
| 650 |
_aNOVEL _zUNITED KINGDOM |
||
| 942 | _cBK | ||
| 999 |
_c2589 _d2589 |
||